[Event "AUT-ch Blitz"]
[Site "Innsbruck"]
[Date "2025.06.21"]
[Round "5"]
[White "Nolz, Tom"]
[Black "Archan, Elikya"]
[Result "1-0"]
[WhiteElo "2222"]
[BlackElo "1998"]
[PlyCount "81"]
[EventDate "2025.06.21"]
[EventType "swiss (blitz)"]
[EventRounds "11"]
[EventCountry "AUT"]
[SourceTitle "CB26_2025"]
[SourceDate "2025.06.25"]
[SourceVersion "1"]
[SourceVersionDate "2025.06.25"]
[SourceQuality "1"]

1. e4 e6 2. Be2 d5 3. d3 Nf6 4. e5 Nfd7 5. f4 c5 6. Nf3 Nc6 7. 0-0 Be7 8. Kh1 f6 9. d4 cxd4 10. Nxd4 Nxd4 11. Qxd4 0-0 12. exf6 Nxf6 13. Nc3 Bd7 14. f5 exf5 15. Nxd5 Be6 16. Nxe7+ Qxe7 17. Bf3 Rfd8 18. Qe5 Rd7 19. Re1 Re8 20. Bg5 Qf7 21. Bxf6 gxf6 22. Qf4 Rc8 23. Re2 Kh8 24. Rae1 Bc4 25. Re3 Qg8 26. Qxf5 Rcd8 27. Qxf6+ Qg7 28. Re8+ Bg8 29. Qxg7+ Kxg7 30. Rxd8 Rxd8 31. Bxb7 Rb8 32. Re7+ Kf6 33. Rc7 Rd8 34. h4 Rd1+ 35. Kh2 Rd2 36. Be4 Bd5 37. Bxd5 Rxd5 38. Rxa7 Rd2 39. Rc7 h5 40. a4 Kf5 41. Rc4 1-0

[Event "AUT-ch Rapid"]
[Site "Innsbruck"]
[Date "2025.06.20"]
[Round "7"]
[White "Kienboeck, Benjamin"]
[Black "Nolz, Tom"]
[Result "1/2-1/2"]
[WhiteElo "2219"]
[BlackElo "2222"]
[PlyCount "181"]
[EventDate "2025.06.19"]
[EventType "swiss (rapid)"]
[EventRounds "9"]
[EventCountry "AUT"]
[SourceTitle "CB26_2025"]
[SourceDate "2025.06.25"]
[SourceVersion "1"]
[SourceVersionDate "2025.06.25"]
[SourceQuality "1"]

1. e4 Nf6 2. e5 Nd5 3. d4 d6 4. c4 Nb6 5. Nf3 dxe5 6. Nxe5 N8d7 7. Nf3 Nf6 8. Nc3 Bg4 9. Be2 c6 10. b3 e6 11. 0-0 Qc7 12. h3 Bh5 13. Be3 Bb4 14. Qc1 0-0 15. a3 Be7 16. Bf4 Qc8 17. Qe3 Re8 18. g4 Bg6 19. Ne5 c5 20. Nxg6 hxg6 21. Nb5 cxd4 22. Qxd4 Rd8 23. Qc3 a6 24. Nc7 Rb8 25. Rad1 Rxd1 26. Rxd1 Bd8 27. Qg3 Nbd7 28. Nxe6 fxe6 29. Bxb8 Nxb8 30. Qd3 Nc6 31. Qxg6 Ne5 32. Qg5 Bc7 33. Qe3 Ng6 34. g5 Bf4 35. Qb6 Bc7 36. Qd4 Nf4 37. Bf3 Nxh3+ 38. Kf1 Nxg5 39. Bg2 Nf7 40. Qc5 Qb8 41. Bh3 Nd8 42. Qe3 Kf7 43. Qf3 Qc8 44. Re1 Qd7 45. Rd1 Qc6 46. Qxc6 Nxc6 47. Bg2 Nd8 48. b4 Ke7 49. c5 b6 50. cxb6 Bxb6 51. Bf3 e5 52. Be2 a5 53. bxa5 Bxa5 54. Rb1 Bc3 55. a4 Ne4 56. Rc1 Bd4 57. Rc7+ Kd6 58. Rxg7 Nxf2 59. Bb5 Ne6 60. Rd7+ Kc5 61. Rxd4 Nxd4 62. Kxf2 Nxb5 63. axb5 Kxb5 64. Ke3 Kc5 65. Ke4 Kd6 66. Ke3 Kd5 67. Kd3 Ke6 68. Ke4 Kf6 69. Ke3 Kf5 70. Kf3 e4+ 71. Ke3 Ke5 72. Ke2 Kd5 73. Ke3 Ke5 74. Ke2 Kf4 75. Kf2 Kg5 76. Ke3 Kf5 77. Ke2 Ke5 78. Ke3 Kd5 79. Ke2 Kd4 80. Kd2 Ke5 81. Ke3 Kf5 82. Ke2 Kf4 83. Kf2 e3+ 84. Ke2 Ke4 85. Ke1 Ke5 86. Ke2 Kd4 87. Ke1 Ke4 88. Ke2 Kf4 89. Ke1 Kf3 90. Kf1 e2+ 91. Ke1 1/2-1/2

[Event "AUT-ch Rapid"]
[Site "Innsbruck"]
[Date "2025.06.19"]
[Round "2"]
[White "Nolz, Tom"]
[Black "Peyrer, Konstantin"]
[Result "0-1"]
[WhiteElo "2222"]
[BlackElo "2472"]
[PlyCount "36"]
[EventDate "2025.06.19"]
[EventType "swiss (rapid)"]
[EventRounds "9"]
[EventCountry "AUT"]
[SourceTitle "CB26_2025"]
[SourceDate "2025.06.25"]
[SourceVersion "1"]
[SourceVersionDate "2025.06.25"]
[SourceQuality "1"]

1. e4 e5 2. Nf3 Nc6 3. Bb5 a6 4. Ba4 f5 5. Nc3 fxe4 6. Nxe4 b5 7. Bb3 d5 8. Ng3 e4 9. Ng1 Nf6 10. d3 Bg4 11. f3 exf3 12. Nxf3 Bc5 13. c3 0-0 14. d4 Re8+ 15. Kf2 Bd6 16. Bg5 Bxg3+ 17. Kxg3 Qd6+ 18. Kh4 Re4 0-1

[Event "AUT-ch"]
[Site "Vienna"]
[Date "2022.08.18"]
[Round "8"]
[White "Nolz, Tom"]
[Black "Stadlinger, Matthias"]
[Result "1-0"]
[WhiteElo "2230"]
[BlackElo "1967"]
[PlyCount "85"]
[EventDate "2022.08.12"]
[EventType "swiss"]
[EventRounds "9"]
[EventCountry "AUT"]
[SourceTitle "CBM 209 Extra"]
[Source "ChessBase"]
[SourceDate "2022.09.30"]
[SourceVersion "1"]
[SourceVersionDate "2022.09.30"]
[SourceQuality "1"]

1. d4 e6 2. Nf3 b6 3. e4 Bb7 4. Bd3 c5 5. c3 d5 6. e5 Nc6 7. 0-0 Qc7 8. Na3 cxd4 9. Nb5 Qd7 10. cxd4 Nb4 11. Be2 a6 12. Nc3 Ne7 13. Na4 Nc8 14. a3 Nc6 15. b4 Qc7 16. Bd2 b5 17. Nc5 Nb6 18. a4 Nc4 19. axb5 axb5 20. Rxa8+ Bxa8 21. Bc3 Be7 22. Bd3 0-0 23. Qc2 h6 24. Qe2 Bb7 25. h4 Ra8 26. h5 Ra3 27. Rc1 Bc8 28. Bb1 Bxc5 29. bxc5 Ne7 30. Qc2 g6 31. hxg6 fxg6 32. Nh4 Nf5 33. Nxg6 Qg7 34. Nf4 Qg4 35. g3 h5 36. Qe2 Rxc3 37. Rxc3 Nxd4 38. Qd3 Nxe5 39. Qh7+ Kf8 40. Qh8+ Ke7 41. Qxe5 Nf3+ 42. Rxf3 Qxf3 43. Qd6+ 1-0

[Event "AUT-ch"]
[Site "Vienna"]
[Date "2022.08.16"]
[Round "6"]
[White "Nolz, Tom"]
[Black "Geroe, Leonhard"]
[Result "1-0"]
[WhiteElo "2230"]
[BlackElo "2017"]
[PlyCount "47"]
[EventDate "2022.08.12"]
[EventType "swiss"]
[EventRounds "9"]
[EventCountry "AUT"]
[SourceTitle "CBM 209 Extra"]
[Source "ChessBase"]
[SourceDate "2022.09.30"]
[SourceVersion "1"]
[SourceVersionDate "2022.09.30"]
[SourceQuality "1"]

1. d4 d5 2. Nf3 Nf6 3. c4 e6 4. Bg5 c6 5. Nc3 h6 6. Bxf6 Qxf6 7. e4 dxe4 8. Nxe4 Bb4+ 9. Ned2 Nd7 10. a3 Bxd2+ 11. Qxd2 e5 12. dxe5 Nxe5 13. Qe3 0-0 14. Qxe5 Qxe5+ 15. Nxe5 Re8 16. 0-0-0 Rxe5 17. Rd8+ Kh7 18. Bd3+ g6 19. Kd2 Re7 20. Re1 Rd7 21. Ree8 Rxd8 22. Rxd8 Kg7 23. b4 b6 24. Be4 1-0

[Event "AUT-ch"]
[Site "Vienna"]
[Date "2022.08.14"]
[Round "3"]
[White "Leisch, Lukas"]
[Black "Nolz, Tom"]
[Result "1-0"]
[WhiteElo "2404"]
[BlackElo "2230"]
[PlyCount "117"]
[EventDate "2022.08.12"]
[EventType "swiss"]
[EventRounds "9"]
[EventCountry "AUT"]
[SourceTitle "CBM 209 Extra"]
[Source "ChessBase"]
[SourceDate "2022.09.30"]
[SourceVersion "1"]
[SourceVersionDate "2022.09.30"]
[SourceQuality "1"]

1. c4 Nf6 2. Nc3 e5 3. d3 d5 4. cxd5 Nxd5 5. Nf3 Nc6 6. a3 Be7 7. g3 Be6 8. Bg2 Nxc3 9. bxc3 e4 10. dxe4 Qxd1+ 11. Kxd1 Bb3+ 12. Ke1 0-0-0 13. Bb2 Na5 14. c4 Nxc4 15. Bxg7 Rhg8 16. Bc3 Kb8 17. h4 Nxa3 18. Kf1 Nb5 19. Be5 a5 20. Bh3 a4 21. h5 f6 22. Bf4 a3 23. Bf5 Bb4 24. Kg2 Bc3 25. Rab1 Bc4 26. Rbc1 Rg7 27. e5 Bxe2 28. Rxc3 Nxc3 29. exf6 Rf7 30. Be5 Rd5 31. Be6 Bxf3+ 32. Kxf3 Rxe5 33. Bxf7 Rf5+ 34. Ke3 Rxf6 35. Bg8 h6 36. g4 Rf8 37. Bb3 c6 38. f4 Re8+ 39. Kf3 Ne2 40. Rd1 c5 41. Bc4 Nd4+ 42. Kf2 Re4 43. Kg3 Re3+ 44. Kg2 b5 45. Bf7 a2 46. g5 hxg5 47. fxg5 Rd3 48. Ra1 Nf3 49. g6 Nh4+ 50. Kh2 Nf5 51. g7 Rd2+ 52. Kh3 Rd3+ 53. Kh2 Rd2+ 54. Kh3 Rd3+ 55. Kg4 Nxg7 56. h6 Rd2 57. Rxa2 Rd1 58. Rg2 Rd4+ 59. Kg5 1-0

[Event "AUT-ch"]
[Site "Vienna"]
[Date "2022.08.12"]
[Round "1"]
[White "Mayrhuber, Tobias"]
[Black "Nolz, Tom"]
[Result "1/2-1/2"]
[WhiteElo "1979"]
[BlackElo "2230"]
[PlyCount "164"]
[EventDate "2022.08.12"]
[EventType "swiss"]
[EventRounds "9"]
[EventCountry "AUT"]
[SourceTitle "CBM 209 Extra"]
[Source "ChessBase"]
[SourceDate "2022.09.30"]
[SourceVersion "1"]
[SourceVersionDate "2022.09.30"]
[SourceQuality "1"]

1. e4 e5 2. Nf3 d5 3. Nxe5 Bd6 4. d4 dxe4 5. Nc4 Be7 6. Nc3 Nf6 7. Bf4 0-0 8. Be2 a6 9. a4 Nc6 10. d5 Nb4 11. Ne3 Bd6 12. Bg5 Re8 13. Qd4 Ng4 14. Bxd8 Nxe3 15. Qxe4 Rxe4 16. Nxe4 Nexc2+ 17. Kd2 Bf4+ 18. Kc3 Bf5 19. Bf3 Nxa1 20. Kxb4 Nc2+ 21. Kc3 Rxd8 22. Kxc2 Rxd5 23. g3 Be5 24. Re1 Kf8 25. Re3 b5 26. axb5 Rxb5 27. b3 Ra5 28. Kd3 c5 29. g4 Bd7 30. Nc3 Bd4 31. Re2 Ra1 32. Rc2 g6 33. Ne4 Bb5+ 34. Kd2 Rf1 35. Be2 Rh1 36. Nxc5 Bxf2 37. Nxa6 Be1+ 38. Ke3 Bxe2 39. Rxe2 Ba5 40. b4 Bb6+ 41. Kd3 Rg1 42. Re4 Kg7 43. b5 h5 44. gxh5 gxh5 45. Nb4 Rg2 46. Nd5 Bg1 47. Nf4 Rxh2 48. Nxh5+ Rxh5 49. Rg4+ Kf6 50. Rxg1 Rxb5 51. Ke4 Rb4+ 52. Kf3 Kf5 53. Ra1 Rb3+ 54. Kf2 Kg4 55. Ra4+ Kg5 56. Ra5+ f5 57. Ra4 Rc3 58. Rb4 Ra3 59. Rc4 Rh3 60. Ra4 Rh4 61. Rxh4 Kxh4 62. Kf3 Kg5 63. Kg3 f4+ 64. Kf3 Kf5 65. Kf2 Ke4 66. Ke2 Kd4 67. Kf3 Ke5 68. Kf2 Kf6 69. Kf3 Kf5 70. Kf2 Kg4 71. Kg2 Kh4 72. Kf3 Kg5 73. Kf2 Kg4 74. Kg2 f3+ 75. Kf2 Kf4 76. Kf1 Ke3 77. Ke1 Kd3 78. Kf2 Ke4 79. Kf1 Kf4 80. Kf2 Kg4 81. Kf1 Kg3 82. Kg1 f2+ 1/2-1/2

[Event "AUT-ch Blitz"]
[Site "Graz"]
[Date "2021.06.06"]
[Round "5"]
[White "Mostbauer, Florian"]
[Black "Nolz, Tom"]
[Result "1-0"]
[WhiteElo "2274"]
[BlackElo "2195"]
[PlyCount "84"]
[EventDate "2021.06.06"]
[EventType "swiss (blitz)"]
[EventRounds "11"]
[EventCountry "AUT"]
[SourceTitle "CBM 202 Extra"]
[Source "ChessBase"]
[SourceDate "2021.07.31"]
[SourceVersion "1"]
[SourceVersionDate "2021.07.31"]
[SourceQuality "1"]

1. d4 e6 2. Nf3 Nf6 3. Bf4 g6 4. Nbd2 d5 5. e3 Bg7 6. h3 0-0 7. Be2 b6 8. 0-0 Nbd7 9. a4 a5 10. c3 Bb7 11. Qb3 c5 12. Rfc1 Ne4 13. Nxe4 dxe4 14. Nd2 e5 15. dxe5 Nxe5 16. Bxe5 Bxe5 17. Rd1 Bc7 18. Bc4 Qe7 19. Bd5 Bxd5 20. Qxd5 Rfe8 21. Nf1 Rad8 22. Qb3 Kg7 23. Rxd8 Rxd8 24. Rd1 Rd3 25. Rxd3 exd3 26. Qd5 Qe8 27. b3 Qe6 28. Qxe6 fxe6 29. Nd2 Kf6 30. Kf1 Ke5 31. Ke1 h5 32. Nc4+ Kd5 33. Kd2 b5 34. axb5 a4 35. b6 Bb8 36. Kxd3 axb3 37. Nb2 Kc6 38. Kc4 Kxb6 39. Kxb3 Kc6 40. Kc4 Bd6 41. Nd3 e5 42. e4 h4 1-0

[Event "AUT-ch Blitz"]
[Site "Graz"]
[Date "2021.06.06"]
[Round "4"]
[White "Nolz, Tom"]
[Black "Diermair, Andreas"]
[Result "1/2-1/2"]
[WhiteElo "2195"]
[BlackElo "2459"]
[PlyCount "90"]
[EventDate "2021.06.06"]
[EventType "swiss (blitz)"]
[EventRounds "11"]
[EventCountry "AUT"]
[SourceTitle "CBM 202 Extra"]
[Source "ChessBase"]
[SourceDate "2021.07.31"]
[SourceVersion "1"]
[SourceVersionDate "2021.07.31"]
[SourceQuality "1"]

1. d4 Nf6 2. c4 e6 3. Nf3 c5 4. e3 d5 5. Nc3 a6 6. cxd5 exd5 7. Bd3 Nc6 8. h3 Bd6 9. 0-0 0-0 10. a3 c4 11. Bc2 Re8 12. Re1 b5 13. e4 dxe4 14. Nxe4 Nxe4 15. Bxe4 Bb7 16. Qc2 h6 17. Bd2 Qd7 18. Bf5 Qc7 19. Rxe8+ Rxe8 20. Re1 Rxe1+ 21. Bxe1 Ne7 22. Bh7+ Kf8 23. Be4 Nd5 24. Bd2 Nf6 25. Bxb7 Qxb7 26. Qf5 Qd7 27. Qc2 Qe6 28. Bc3 Nd5 29. Ne5 f6 30. Nf3 Nf4 31. Qd2 Nd3 32. Qe3 Kf7 33. Qxe6+ Kxe6 34. Kf1 Kd5 35. Ke2 Nf4+ 36. Kf1 Bc7 37. h4 h5 38. g3 Nd3 39. Ke2 a5 40. b3 b4 41. axb4 axb4 42. bxc4+ Kxc4 43. Ba1 Nc1+ 44. Kd1 Nb3 45. Bb2 Bb6 1/2-1/2

[Event "AUT-ch Zwisch Internet"]
[Site "Playchess.com INT"]
[Date "2020.05.02"]
[Round "12"]
[White "Ehs, Dominik"]
[Black "Nolz, Tom"]
[Result "1/2-1/2"]
[WhiteElo "2070"]
[BlackElo "2157"]
[PlyCount "206"]
[EventDate "2020.05.02"]
[EventType "swiss (blitz)"]
[EventRounds "13"]
[EventCountry "AUT"]
[SourceTitle "CBM 195 Extra"]
[Source "ChessBase"]
[SourceDate "2020.05.31"]
[SourceVersion "1"]
[SourceVersionDate "2020.05.31"]
[SourceQuality "1"]

1. e4 e5 2. Nf3 Nc6 3. Bc4 Nf6 4. d4 exd4 5. e5 d5 6. Bb5 Ne4 7. Nxd4 Bd7 8. Bxc6 bxc6 9. 0-0 Bc5 10. f3 Ng5 11. f4 Ne6 12. Be3 Bxd4 13. Bxd4 c5 14. Be3 d4 15. Bd2 Bc6 16. f5 Qd5 17. Qg4 h5 18. Qf3 Qxf3 19. gxf3 Nd8 20. Na3 Rb8 21. b3 Bd7 22. f6 gxf6 23. exf6 Bh3 24. Rfe1+ Ne6 25. Kf2 Kd7 26. Nc4 Rbg8 27. Rg1 Nd8 28. Bf4 Nc6 29. Rg7 Be6 30. Ne5+ Nxe5 31. Bxe5 Re8 32. f4 h4 33. Rd1 Kc6 34. c3 dxc3 35. Bxc3 Rh5 36. Rg5 Rhh8 37. Rc1 c4 38. bxc4 Rb8 39. Bd4 a5 40. Rxa5 Rhd8 41. Bc3 Rd3 42. f5 Bd7 43. Rc2 Rh3 44. Be5 Rd3 45. Bf4 Rb6 46. c5 Rb5 47. Rxb5 Kxb5 48. Bxc7 Bxf5 49. Bd6 Kc6 50. Rb2 Be4 51. Rb6+ Kd7 52. Ra6 Rf3+ 53. Ke1 Rxf6 54. Ra7+ Kc6 55. Rc7+ Kb5 56. Be7 Rc6 57. Rxc6 Kxc6 58. Bxh4 Kxc5 59. Kd2 Kb4 60. Ke3 Bd5 61. Be7+ Kb5 62. a3 Kc6 63. Kf4 Kd7 64. Bb4 Ke6 65. Kg5 f6+ 66. Kf4 Kf7 67. h4 Kg6 68. a4 Bc6 69. a5 Bb5 70. Bc5 Kh5 71. Bf2 Kg6 72. Ke4 Kf7 73. Kf5 Bd3+ 74. Kf4 Ke6 75. h5 Kf7 76. Be3 Kg7 77. Kf3 Kh7 78. Bf4 Kg7 79. Ke3 Ba6 80. Kd4 Kf7 81. Kd5 Ke7 82. Kc6 Kd8 83. Kb6 Bd3 84. a6 Kc8 85. a7 Be4 86. Kc5 Kb7 87. Bb8 Bh7 88. Kd4 Bb1 89. Kd5 Ba2+ 90. Ke4 Bb1+ 91. Kf4 Bd3 92. h6 Bc2 93. Ke3 Bb1 94. Kd4 Ka8 95. Kd5 Ba2+ 96. Kd6 Bb3 97. Ke7 Bc2 98. Kxf6 Bb1 99. Kg7 Bc2 100. h7 Bxh7 101. Kxh7 Kb7 102. Kg7 Ka8 103. Kf7 Kb7 1/2-1/2

[Event "AUT-ch Zwisch Internet"]
[Site "Playchess.com INT"]
[Date "2020.05.02"]
[Round "11"]
[White "Nolz, Tom"]
[Black "Pirker, Christian"]
[Result "1-0"]
[WhiteElo "2157"]
[BlackElo "2167"]
[PlyCount "115"]
[EventDate "2020.05.02"]
[EventType "swiss (blitz)"]
[EventRounds "13"]
[EventCountry "AUT"]
[SourceTitle "CBM 195 Extra"]
[Source "ChessBase"]
[SourceDate "2020.05.31"]
[SourceVersion "1"]
[SourceVersionDate "2020.05.31"]
[SourceQuality "1"]

1. d4 d5 2. Nf3 Nf6 3. c4 e6 4. g3 Be7 5. Bg2 0-0 6. 0-0 c6 7. Qc2 b6 8. b3 Bb7 9. Bb2 Nbd7 10. Rd1 a6 11. Nc3 b5 12. e4 b4 13. e5 bxc3 14. exf6 cxb2 15. fxe7 bxa1Q 16. exf8Q+ Qxf8 17. Rxa1 Qb4 18. a3 Qb6 19. c5 Qc7 20. Ng5 g6 21. f4 a5 22. Qe2 Ba6 23. Qg4 Nf8 24. Qf3 Rb8 25. Rb1 Qe7 26. Qc3 Qc7 27. Nf3 a4 28. b4 Re8 29. Ne5 f6 30. Ng4 Qg7 31. Re1 Bc4 32. Ne3 Bb3 33. Ng4 h5 34. Nf2 Bc4 35. Bh3 g5 36. fxg5 Qxg5 37. Qe3 Qxe3 38. Rxe3 Kf7 39. Nd1 Nh7 40. Bg2 Ng5 41. h4 Nh7 42. Nc3 Bb3 43. b5 cxb5 44. Nxb5 f5 45. Nd6+ Ke7 46. Nxe8 Kxe8 47. Rxe6+ Kf7 48. Rd6 Nf6 49. Kf2 Ke7 50. Rxf6 Kxf6 51. Ke3 Ke6 52. Kf4 Bc2 53. Bf3 Be4 54. Bxh5 Kd7 55. Bg6 Ke6 56. g4 Kf6 57. Bxf5 Bg2 58. g5+ 1-0

[Event "AUT-ch Vor4 Internet"]
[Site "Playchess.com INT"]
[Date "2020.04.25"]
[Round "8"]
[White "Kopinits, Anna Christina"]
[Black "Nolz, Tom"]
[Result "0-1"]
[WhiteElo "2204"]
[BlackElo "2157"]
[PlyCount "78"]
[EventDate "2020.04.25"]
[EventType "swiss (blitz)"]
[EventRounds "9"]
[EventCountry "AUT"]
[SourceTitle "EXT 2021"]
[Source "ChessBase"]
[SourceDate "2020.10.23"]
[SourceVersion "1"]
[SourceVersionDate "2020.10.23"]
[SourceQuality "1"]

1. d4 g6 2. e4 Bg7 3. Nc3 d6 4. Be3 Nd7 5. Qd2 e5 6. Nf3 Ngf6 7. dxe5 dxe5 8. h3 0-0 9. Bd3 c6 10. 0-0 Qc7 11. Ne2 Rd8 12. Ng3 Nb6 13. Qe2 h6 14. a4 Be6 15. b3 Nbd7 16. a5 c5 17. Bc4 Bxc4 18. Qxc4 Rab8 19. Rfd1 b5 20. axb6 axb6 21. Qb5 Nf8 22. Nd2 Ne6 23. c3 h5 24. f3 h4 25. Ngf1 Nh5 26. Nc4 Nef4 27. Rxd8+ Qxd8 28. Nb2 Qg5 29. Bxf4 Nxf4 30. Ne3 Nxh3+ 31. Kh2 Qxe3 32. Kxh3 Qxc3 33. Qe2 Qxb3 34. Ra7 Qe6+ 35. Kxh4 Bh6 36. Kg3 b5 37. Nd3 c4 38. Nb4 Bf4+ 39. Kh4 Kg7 0-1

[Event "AUT-ch Vor4 Internet"]
[Site "Playchess.com INT"]
[Date "2020.04.25"]
[Round "3"]
[White "Nolz, Tom"]
[Black "Hatzl, Johannes"]
[Result "0-1"]
[WhiteElo "2157"]
[BlackElo "2131"]
[PlyCount "176"]
[EventDate "2020.04.25"]
[EventType "swiss (blitz)"]
[EventRounds "9"]
[EventCountry "AUT"]
[SourceTitle "EXT 2021"]
[Source "ChessBase"]
[SourceDate "2020.10.23"]
[SourceVersion "1"]
[SourceVersionDate "2020.10.23"]
[SourceQuality "1"]

1. e4 e5 2. Bc4 Nc6 3. d3 Bc5 4. Nf3 Nf6 5. 0-0 a6 6. c3 0-0 7. d4 exd4 8. cxd4 Ba7 9. e5 Ne8 10. d5 Ne7 11. Bg5 d6 12. Nc3 dxe5 13. Re1 Nd6 14. Rxe5 f6 15. Bd3 fxe5 16. Nxe5 Bf5 17. Bf1 Nf7 18. Bf4 Nxe5 19. Bxe5 Ng6 20. Bg3 Qd7 21. Qb3 Rab8 22. d6+ Be6 23. Bc4 Rfe8 24. dxc7 Rbc8 25. Bxe6+ Qxe6 26. Qxe6+ Rxe6 27. Rd1 Kf7 28. h4 Bb6 29. Nd5 Bc5 30. h5 Ne7 31. Nf4 Rd6 32. Rc1 Rc6 33. Nd3 Bb6 34. Ne5+ Ke6 35. Nxc6 Nxc6 36. Re1+ Kf7 37. Rd1 Ke7 38. Re1+ Kd7 39. Rd1+ Nd4 40. Be5 Bxc7 41. Bxd4 Ke6 42. Bxg7 Bb6 43. Bc3 Rf8 44. Rd2 Rf5 45. g4 Rf4 46. Re2+ Kf7 47. Kg2 Rxg4+ 48. Kh3 Rg5 49. Re5 Rxe5 50. Bxe5 Bxf2 51. Kg4 Ke6 52. Bg7 Be3 53. b3 b5 54. a4 bxa4 55. bxa4 Bd2 56. Bf8 Be3 57. Bb4 Bc1 58. Be1 Be3 59. Bg3 Bh6 60. Bf4 Bg7 61. h6 Bf6 62. Bg5 Bd4 63. Bc1 Be5 64. Kf3 Kf5 65. Bd2 Bf6 66. Bb4 Kg6 67. Bf8 Bg5 68. Kg4 Bxh6 69. Bc5 Bg7 70. Kf3 Kf5 71. Ke3 h5 72. Kd3 h4 73. Ke2 Ke4 74. Be7 h3 75. Kf2 Be5 76. Kg1 Kf3 77. Kh1 Bc7 78. Bc5 Ke4 79. Bg1 Kd3 80. Bh2 Bxh2 81. Kxh2 Kc4 82. Kxh3 Kb4 83. Kg2 Kxa4 84. Kf1 Kb3 85. Ke2 Kb2 86. Kd3 a5 87. Kc4 a4 88. Kb4 a3 0-1

[Event "AUT-ch Vor3 Internet"]
[Site "Playchess.com INT"]
[Date "2020.04.17"]
[Round "2"]
[White "Diermair, Andreas"]
[Black "Nolz, Tom"]
[Result "1-0"]
[WhiteElo "2465"]
[BlackElo "2157"]
[PlyCount "89"]
[EventDate "2020.04.17"]
[EventType "swiss (blitz)"]
[EventRounds "9"]
[EventCountry "AUT"]
[SourceTitle "CBM 195 Extra"]
[Source "ChessBase"]
[SourceDate "2020.05.31"]
[SourceVersion "1"]
[SourceVersionDate "2020.05.31"]
[SourceQuality "1"]

1. d4 d5 2. c4 dxc4 3. Nf3 Nf6 4. e3 a6 5. Bxc4 e6 6. 0-0 b5 7. Bb3 Bb7 8. Qe2 Be7 9. Rd1 0-0 10. Nc3 Ne4 11. Bc2 Nd6 12. e4 b4 13. Na4 Nd7 14. Bf4 Bc6 15. Nc5 Bb5 16. Qe1 Nb6 17. Qxb4 Bc6 18. Qc3 a5 19. Ne5 Be8 20. Qg3 Kh8 21. b3 a4 22. b4 a3 23. Bb3 Nb5 24. Bxe6 Nxd4 25. Bg4 Bf6 26. Qe3 Bxe5 27. Bxe5 Qh4 28. h3 Nc2 29. Bxg7+ Kg8 30. Qc3 Nxa1 31. Bxf8 Kxf8 32. Qh8+ Ke7 33. Qe5+ Kf8 34. Qxa1 Bc6 35. Qh8+ Ke7 36. Qe5+ Kf8 37. Qxc7 Ba4 38. Rd3 Qf6 39. Rf3 Qa1+ 40. Kh2 Be8 41. Qxb6 Rc8 42. Qd6+ Kg7 43. e5 Rc6 44. Qe7 Rg6 45. Qxe8 1-0

[Event "AUT-ch Vor3 Internet"]
[Site "Playchess.com INT"]
[Date "2020.04.17"]
[Round "6"]
[White "Nolz, Tom"]
[Black "Hessenberger, Andreas"]
[Result "1-0"]
[WhiteElo "2157"]
[BlackElo "2019"]
[PlyCount "77"]
[EventDate "2020.04.17"]
[EventType "swiss (blitz)"]
[EventRounds "9"]
[EventCountry "AUT"]
[SourceTitle "CBM 195 Extra"]
[Source "ChessBase"]
[SourceDate "2020.05.31"]
[SourceVersion "1"]
[SourceVersionDate "2020.05.31"]
[SourceQuality "1"]

1. e4 c5 2. Nc3 Nc6 3. Bb5 a6 4. Bxc6 bxc6 5. Nge2 e5 6. 0-0 Be7 7. f4 d6 8. fxe5 dxe5 9. d3 Nf6 10. Ng3 0-0 11. Nf5 Bxf5 12. Rxf5 Bd6 13. Bg5 Be7 14. Rxe5 h6 15. Be3 Bd6 16. Rf5 Nd7 17. Qf3 Rb8 18. b3 Qa5 19. Bd2 Qc7 20. Qh3 Be5 21. Raf1 Rbe8 22. Ne2 Re6 23. Rxf7 Rd6 24. Qf5 Bf6 25. Rxf8+ Nxf8 26. Qxc5 Ne6 27. Qc4 Kh8 28. Bxh6 Qa7+ 29. Kh1 gxh6 30. Rxf6 Qe3 31. Rxe6 Qxe2 32. Re8+ Kg7 33. Qg8+ Kf6 34. e5+ Kf5 35. Qf7+ Kg4 36. Rg8+ Kh4 37. g3+ Kh3 38. Qf5+ Qg4 39. Qxg4# 1-0

[Event "AUT-ch Vor3 Internet"]
[Site "Playchess.com INT"]
[Date "2020.04.17"]
[Round "3"]
[White "Nolz, Tom"]
[Black "Pernerstorfer, Max"]
[Result "0-1"]
[WhiteElo "2157"]
[BlackElo "1985"]
[PlyCount "74"]
[EventDate "2020.04.17"]
[EventType "swiss (blitz)"]
[EventRounds "9"]
[EventCountry "AUT"]
[SourceTitle "CBM 195 Extra"]
[Source "ChessBase"]
[SourceDate "2020.05.31"]
[SourceVersion "1"]
[SourceVersionDate "2020.05.31"]
[SourceQuality "1"]

1. c4 Nf6 2. g4 Nxg4 3. e4 d6 4. Be2 Nf6 5. Nc3 e5 6. Nf3 Nc6 7. d4 Bg4 8. d5 Bxf3 9. Bxf3 Ne7 10. Be3 Qd7 11. h4 h5 12. Bg5 Ng4 13. Rg1 f6 14. Rxg4 hxg4 15. Bxg4 Qd8 16. Be3 Rxh4 17. Qf3 c5 18. 0-0-0 Qa5 19. Be6 a6 20. Qg3 Rh8 21. f4 Qb4 22. fxe5 fxe5 23. Rf1 Qxc4 24. Bf7+ Kd8 25. Rg1 Kc7 26. Kb1 Rd8 27. a3 b5 28. Rc1 Qd3+ 29. Ka1 Kb8 30. Bxc5 Qxg3 31. Bb6 Rc8 32. Na2 Rxc1+ 33. Nxc1 Qe1 34. Kb1 Rh1 35. Be3 Qxe3 36. Ka2 Qxc1 37. Kb3 Qc4# 0-1

[Event "AUT-ch Vor2 Internet"]
[Site "Playchess.com INT"]
[Date "2020.04.13"]
[Round "9"]
[White "Nolz, Tom"]
[Black "Fuchs, Georg"]
[Result "1-0"]
[WhiteElo "2157"]
[BlackElo "2234"]
[PlyCount "139"]
[EventDate "2020.04.13"]
[EventType "swiss (blitz)"]
[EventRounds "9"]
[EventCountry "AUT"]
[SourceTitle "CBM 195 Extra"]
[Source "ChessBase"]
[SourceDate "2020.05.31"]
[SourceVersion "1"]
[SourceVersionDate "2020.05.31"]
[SourceQuality "1"]

1. Nf3 d5 2. c4 c6 3. b3 Nf6 4. Bb2 Nbd7 5. g3 e6 6. Bg2 Be7 7. 0-0 0-0 8. d3 b6 9. Nbd2 a5 10. e4 Ba6 11. e5 Ne8 12. Re1 Nc5 13. Qc2 dxc4 14. dxc4 Nd3 15. Red1 Nxb2 16. Qxb2 Qc7 17. Ne4 f5 18. Neg5 Bc8 19. h4 h6 20. Nh3 a4 21. Nf4 Kh7 22. h5 a3 23. Qc2 Bg5 24. Nxg5+ hxg5 25. Nh3 Kh6 26. Qd2 Qe7 27. Bxc6 Ra7 28. f4 g4 29. Nf2 Kxh5 30. Kg2 Bb7 31. Rh1+ Kg6 32. Bxb7 Qxb7+ 33. Kf1 Qf3 34. Qd3 Qxd3+ 35. Nxd3 Nc7 36. Nb4 b5 37. Rc1 bxc4 38. Rxc4 Nb5 39. Rc6 Re8 40. Kf2 Rd7 41. Ke3 Nd4 42. Rc4 Red8 43. Rhc1 Nf3 44. Rc6 Rd2 45. Rxe6+ Kf7 46. Rb6 Rg2 47. Rc7+ Kf8 48. Rbb7 Rxg3 49. Rf7+ Kg8 50. Rxg7+ Kf8 51. Rbf7+ Ke8 52. Kf2 Rh3 53. Re7+ Kf8 54. Rd7 Rxd7 55. Rxd7 Rh2+ 56. Ke3 Ne1 57. e6 g3 58. Nd5 Nc2+ 59. Kd3 Ne1+ 60. Kc4 Re2 61. Rf7+ Ke8 62. Nf6+ Kd8 63. Rd7+ Kc8 64. e7 g2 65. Rd8+ Kc7 66. Nd5+ Kc6 67. Rg8 Nf3 68. Rxg2 Nd2+ 69. Kd3 Kxd5 70. Rxe2 1-0

[Event "AUT-ch Vor1 Internet"]
[Site "Playchess.com INT"]
[Date "2020.04.11"]
[Round "5"]
[White "Missethan, Michael"]
[Black "Nolz, Tom"]
[Result "1-0"]
[WhiteElo "2015"]
[BlackElo "2157"]
[PlyCount "121"]
[EventDate "2020.04.11"]
[EventType "swiss (blitz)"]
[EventRounds "9"]
[EventCountry "AUT"]
[SourceTitle "CBM 195 Extra"]
[Source "ChessBase"]
[SourceDate "2020.05.31"]
[SourceVersion "1"]
[SourceVersionDate "2020.05.31"]
[SourceQuality "1"]

1. e4 c5 2. Nf3 Nc6 3. Bb5 g6 4. Bxc6 dxc6 5. 0-0 Bg7 6. d3 Nf6 7. Nc3 0-0 8. Be3 b6 9. Qd2 Ng4 10. Bf4 e5 11. Bg3 f5 12. h3 f4 13. Bh4 Nf6 14. Nxe5 Nxe4 15. Nxe4 Qxh4 16. Nf3 Qh5 17. Qe2 Bxb2 18. Rab1 Bg7 19. Neg5 h6 20. Ne4 g5 21. Nd6 g4 22. Nxc8 gxf3 23. Ne7+ Kh8 24. Qxf3 Qxf3 25. gxf3 Rf6 26. Rbe1 Bf8 27. Re4 Kg7 28. Kh2 Kf7 29. Rfe1 Re8 30. Nf5 Rxe4 31. fxe4 Ke6 32. Rg1 b5 33. Rg8 c4 34. Kg2 cxd3 35. cxd3 c5 36. Kf3 Kf7 37. Rg1 Bd6 38. Rb1 b4 39. Nxd6+ Rxd6 40. Ke2 Ke6 41. Rg1 a5 42. Rg8 a4 43. Rb8 a3 44. Kd2 Ke5 45. Kc2 Kd4 46. Rf8 Ke5 47. Re8+ Kd4 48. Rf8 Rg6 49. Rxf4 Rg1 50. Rf5 Rg5 51. Rxg5 hxg5 52. Kd2 c4 53. dxc4 Kxe4 54. Kc2 Kd4 55. Kb3 Ke4 56. c5 Kd5 57. Kxb4 Kc6 58. Kc4 Kd7 59. Kd5 Kc7 60. c6 g4 61. hxg4 1-0